000 01029nam a2200301Ia 4500
001 Para_5677
003 CHAP
008 220125s1985 xx 000 0 und d
010 _a204107
040 _cCHAP
090 _aPA TESIS 26
100 _aAvalos Cacho, Gerardo
_98446
245 _aControl químico de gallina ciega en cacahuate (Arachis Hypogaea L.) en Atlacahualoya, Mor. y análisis de residuos insecticidas en fruto /
_c por Gerardo Avalos Cacho
260 _aChapingo, Méx. :
_b el autor
300 _a88 h.
502 _aTesis (Ing. Agr. Esp. en Parasitología Agrícola) -- UACh Departamento Parasitología Agrícola
650 _aCacahuate
_x plagas
_916894
650 _aControl de Plagas
_927595
650 _aPhyllophaga crinita
_987882
710 _aUACh. Departamento Parasitología Agrícola
_9164025
901 _aPA TESIS 26
902 _aA
905 _a0000001985 ai 0000000000 00
910 _a1985
942 _cPARA
942 _cPARA
_d1
999 _c204107
_d204107